[Event "London Classic Open 2018"]
[Site "London ENG"]
[Date "2018.12.11"]
[Round "3.83"]
[White "Kromhout, Ewan"]
[Black "Volovich, Julia"]
[Result "1-0"]
[WhiteElo "2019"]
[BlackElo "1772"]
[WhiteFideId "14300206"]
[BlackFideId "447099"]
[EventDate "2018.12.09"]

1. Nf3 f5 2. d3 Nf6 3. e4 d6 4. e5 dxe5 5. Nxe5 Nbd7 6. Bf4 c5 7. Nc3 Qb6 8. Nc4
Qc6 9. Qe2 Kf7 10. O-O-O Nd5 11. Ne5+ Nxe5 12. Bxe5 Nxc3 13. Bxc3 e6 14. d4 Be7
15. dxc5 Qxc5 16. Qe5 Qxe5 17. Bxe5 Rd8 18. Be2 Rd5 19. f4 Bd7 20. Bf3 Rxd1+ 21.
Rxd1 Bc6 22. Bxc6 bxc6 23. Rd7 Rd8 24. Rxa7 Ke8 25. c3 g5 26. Kc2 h5 27. Rc7
gxf4 28. Rxc6 Bg5 29. Rxe6+ Kf7 30. Rd6 Re8 31. Rd5 h4 32. h3 Ke6 33. c4 Rg8 34.
Bd4 Bh6 35. Re5+ Kd7 36. Re2 Rg3 37. Rf2 f3 38. Rxf3 Rxg2+ 39. Kd3 Rg3 40. Ke2
f4 41. Rxg3 fxg3 42. Bf6 Kc6 43. Bxh4 Kc5 44. b3 Kb4 45. Bxg3 Bf8 46. Be1+ Ka3
47. Kd3 Kxa2 48. Kc2 Ka3 49. h4 1-0

[Event "London Classic Open 2018"]
[Site "London ENG"]
[Date "2018.12.11"]
[Round "3.84"]
[White "Lane, Ryan"]
[Black "Wilks, Simon"]
[Result "0-1"]
[WhiteElo "1723"]
[BlackElo "2019"]
[WhiteFideId "3227332"]
[BlackFideId "427357"]
[EventDate "2018.12.09"]

1. e4 e6 2. d4 d5 3. Nd2 h6 4. c3 c5 5. exd5 exd5 6. Ngf3 Nf6 7. Bb5+ Bd7 8.
Bxd7+ Qxd7 9. O-O Be7 10. dxc5 Bxc5 11. Re1+ Be7 12. Ne5 Qc7 13. Ndf3 O-O 14.
Bf4 Rd8 15. Qb3 Qb6 16. Qxb6 axb6 17. Nd3 Re8 18. Nd4 Na6 19. Nf5 Bf8 20. Bd6
Nc5 21. Rxe8 Nxe8 22. Bxf8 Kxf8 23. Nb4 Nf6 24. Ne3 Na4 25. Rb1 Rd8 26. Nf5 g6
27. Nd4 Re8 28. f3 Ke7 29. Re1+ Kd6 30. Rxe8 Nxe8 31. Nd3 Nc7 32. Kf2 Nc5 33.
Ke3 N7e6 34. Nb4 Na4 35. Nd3 Nec5 36. Nb5+ Kc6 37. Nd4+ Kd6 38. Nb5+ Kc6 39.
Nd4+ Kd7 40. b4 Ne6 41. Ne5+ Ke7 42. Nxe6 Kxe6 43. Kd4 Nxc3 44. Nxg6 Nb5+ 45.
Kd3 fxg6 46. a4 Nd6 47. f4 g5 48. g3 gxf4 49. gxf4 Nf5 50. h3 Kd6 51. Kc3 Kc6
52. Kd3 b5 53. a5 Kd6 54. Kc3 d4+ 55. Kc2 Kd5 56. Kd3 h5 0-1

[Event "London Classic Open 2018"]
[Site "London ENG"]
[Date "2018.12.11"]
[Round "3.85"]
[White "Millward, Kevin P"]
[Black "Hosdurga, Chirag"]
[Result "0-1"]
[WhiteElo "2012"]
[BlackElo "1758"]
[WhiteFideId "404721"]
[BlackFideId "438189"]
[EventDate "2018.12.09"]

1. d4 d5 2. Bf4 Nf6 3. e3 c5 4. c3 Nc6 5. Nd2 e6 6. Ngf3 Bd6 7. Bg3 O-O 8. Bd3
b6 9. Qe2 Bb7 10. Rd1 cxd4 11. exd4 Qc7 12. Ne5 Rfe8 13. O-O Ne7 14. Qf3 Ng6 15.
Rfe1 a6 16. h4 Bxe5 17. Bxe5 Nxe5 18. Rxe5 Rac8 19. Rg5 Qe7 20. Qe2 Nd7 21. Nf3
f6 22. Rg3 b5 23. Bc2 b4 24. Qd3 f5 25. cxb4 Qxb4 26. Qb3 Qb6 27. Re1 Qc7 28.
Bd3 Nf6 29. Ne5 Ne4 30. Rge3 Ba8 31. Bxa6 Rb8 32. Bb5 Qa5 33. a4 Rec8 34. Qd3
Rc7 35. R3e2 Qb4 36. Nf3 Rbc8 37. Ng5 Rc1 38. Rxc1 Rxc1+ 39. Kh2 Qd6+ 40. g3 h6
41. Nf3 Rf1 42. Kg2 Rxf2+ 0-1

[Event "London Classic Open 2018"]
[Site "London ENG"]
[Date "2018.12.11"]
[Round "3.86"]
[White "Yoon, Jacob D"]
[Black "Mohnblatt, Daniel"]
[Result "1-0"]
[WhiteElo "2009"]
[BlackElo "1749"]
[WhiteFideId "446076"]
[BlackFideId "648582"]
[EventDate "2018.12.09"]

1. d4 Nf6 2. Nc3 d5 3. Bf4 e6 4. Nb5 Na6 5. e3 c6 6. Nc3 Nc7 7. a3 Bd6 8. Bd3
Bxf4 9. exf4 b6 10. Nf3 Ba6 11. Ne5 Qd6 12. O-O Bxd3 13. Qxd3 O-O 14. Ne2 c5 15.
c3 Ne4 16. f3 c4 17. Nxc4 dxc4 18. Qxe4 Nd5 19. g3 b5 20. Kh1 a5 21. Ng1 b4 22.
axb4 axb4 23. Rxa8 Rxa8 24. Re1 bxc3 25. bxc3 Qa3 26. Ne2 Rb8 27. Qe5 Rb6 28. f5
f6 29. Qe4 Qd6 30. Ra1 Nc7 31. Nf4 exf5 32. Qxf5 Rb5 33. Qc8+ Kf7 34. Ra7 1-0

[Event "London Classic Open 2018"]
[Site "London ENG"]
[Date "2018.12.11"]
[Round "3.87"]
[White "Zheng, William"]
[Black "Burke, John S"]
[Result "0-1"]
[WhiteElo "1649"]
[BlackElo "1980"]
[WhiteFideId "439037"]
[BlackFideId "404322"]
[EventDate "2018.12.09"]

1. e4 d5 2. exd5 Qxd5 3. Nc3 Qd8 4. d4 c6 5. Nf3 Bf5 6. Bd3 Bg6 7. Bxg6 hxg6 8.
Bf4 e6 9. Qd2 Nd7 10. O-O Ngf6 11. h3 Be7 12. Rad1 O-O 13. Qe2 Qa5 14. Ne5 Nxe5
15. Bxe5 Bb4 16. Bxf6 gxf6 17. Ne4 Be7 18. a3 Rfd8 19. c3 Rd7 20. Qe3 Rad8 21.
Qf4 f5 22. Ng5 e5 23. Qh4 Bxg5 24. Qxg5 exd4 25. cxd4 Rxd4 26. Rxd4 Rxd4 27. Qf6
Qd8 28. Qe5 Re4 29. Qc5 Qd4 30. Qa5 Kg7 31. b3 Re7 32. b4 b6 33. Qa4 c5 34. Qb3
c4 35. Qc2 b5 36. Rd1 Qe5 37. h4 f4 38. a4 a6 39. axb5 axb5 40. Rd8 Qf6 41. Qd1
Ra7 42. Qe1 Qxd8 0-1

[Event "London Classic Open 2018"]
[Site "London ENG"]
[Date "2018.12.11"]
[Round "3.88"]
[White "Keely, Leo A"]
[Black "Basnayake, I U"]
[Result "1/2-1/2"]
[BlackTitle "WCM"]
[WhiteElo "1964"]
[BlackElo "1692"]
[WhiteFideId "410241"]
[BlackFideId "9901698"]
[EventDate "2018.12.09"]

1. e4 c5 2. Nc3 e6 3. f4 a6 4. g3 d5 5. d3 Nf6 6. Bg2 Nc6 7. e5 Ng8 8. Nf3 g6 9.
O-O Bg7 10. Ne2 Nge7 11. c3 Rb8 12. Be3 b6 13. d4 c4 14. Qc2 b5 15. h4 Nf5 16.
Bf2 h5 17. Ng5 Bh6 18. Rae1 Bd7 19. Kh2 Qe7 20. Ng1 b4 21. Qc1 a5 22. Bh3 Bxg5
23. fxg5 Kf8 24. Ne2 Qd8 25. Nf4 Nce7 26. Ng2 Kg7 27. Ne3 Nxe3 28. Bxe3 Nf5 29.
Bxf5 exf5 30. e6 Bxe6 31. Bf4 b3 32. a3 a4 33. Bxb8 Qxb8 34. Qe3 Qd6 35. Qe5+
Qxe5 36. Rxe5 Rd8 37. Rfe1 Rd6 38. Kg2 Kf8 39. Kf3 Ke7 40. Kf4 Rd8 41. R5e2 Kd6
42. Rf2 Rd7 43. Re5 Rd8 44. Ke3 Rg8 45. Rf4 Rg7 46. Rf1 Kd7 47. Kf4 Kd6 48. Rfe1
Rg8 49. Kf3 Rd8 50. Kg2 Rd7 51. Rf1 Rd8 1/2-1/2

[Event "London Classic Open 2018"]
[Site "London ENG"]
[Date "2018.12.11"]
[Round "3.89"]
[White "Saidmurodov, Shahjahon"]
[Black "Mueller, Jens"]
[Result "0-1"]
[WhiteElo "1549"]
[BlackElo "1961"]
[WhiteFideId "448150"]
[BlackFideId "16251016"]
[EventDate "2018.12.09"]

1. d4 g6 2. Bf4 Bg7 3. e3 c5 4. c3 cxd4 5. exd4 Qb6 6. Qb3 Qa5 7. Nd2 Nf6 8.
Ngf3 O-O 9. Bd3 d5 10. O-O Nbd7 11. Rfe1 Re8 12. Ne5 Nh5 13. Bg3 Nxg3 14. hxg3
Nxe5 15. dxe5 Be6 16. Qd1 Qc7 17. Qe2 h5 18. Nb3 Bd7 19. Nd4 e6 20. f4 a6 21. g4
hxg4 22. Qxg4 Qd8 23. Re3 Qb6 24. Rg3 Qxb2 25. Rb1 Qxc3 26. Rxb7 Qxd4+ 27. Kh2
Re7 28. Qh4 Rae8 29. Bxa6 Bxe5 30. fxe5 Qxh4+ 0-1

[Event "London Classic Open 2018"]
[Site "London ENG"]
[Date "2018.12.11"]
[Round "3.90"]
[White "Eche, Sylvain"]
[Black "De Paolis, Fabrizio"]
[Result "1-0"]
[WhiteElo "2136"]
[BlackElo "1754"]
[WhiteFideId "627194"]
[BlackFideId "822027"]
[EventDate "2018.12.09"]

1. e4 c6 2. d4 d5 3. exd5 cxd5 4. Bd3 Nc6 5. c3 Nf6 6. Bf4 g6 7. Qc2 Bg7 8. Nf3
O-O 9. O-O Nh5 10. Bg5 Qd6 11. Re1 Nf4 12. Bf1 Bf5 13. Qd2 Nh5 14. Na3 a6 15.
Nh4 Rfc8 16. Nxf5 gxf5 17. Bxe7 Nxe7 18. Qe2 Rc7 19. Qxh5 Rac8 20. Nc2 b5 21. a3
Qd7 22. Re3 a5 23. Bd3 Qc6 24. Rae1 Ng6 25. Bxf5 Rb8 26. Rh3 h6 27. Rg3 Ne7 28.
Bd3 Kf8 29. Rf3 Ng8 30. Rfe3 Nf6 31. Qe2 Qd6 32. Bxb5 Rcb7 33. Re8+ 1-0

[Event "London Classic Open 2018"]
[Site "London ENG"]
[Date "2018.12.11"]
[Round "3.91"]
[White "Jyothilal, N."]
[Black "De Lagontrie, Jean"]
[Result "1-0"]
[WhiteElo "2078"]
[BlackElo "1742"]
[WhiteFideId "5002605"]
[BlackFideId "605271"]
[EventDate "2018.12.09"]

1. d4 d5 2. Nf3 c6 3. c4 e6 4. g3 dxc4 5. a4 b5 6. Bg2 Bb7 7. O-O a6 8. Qc2 Nf6
9. Rd1 Qc8 10. Nbd2 Nd5 11. Ne4 Nd7 12. Bg5 f6 13. Bf4 Nxf4 14. gxf4 Nb6 15. f5
exf5 16. Bh3 c5 17. Bxf5 Qc7 18. dxc5 Bxc5 19. Bxh7 Rxh7 20. Nxc5 Rh6 21. Nxb7
Qxb7 22. axb5 axb5 23. Qf5 Rxa1 24. Qxb5+ Kf7 25. Rxa1 Rg6+ 26. Kf1 Kg8 27. Qf5
Kh7 28. Rd1 Qc8 29. Qxc8 Nxc8 30. Rd4 Nb6 31. Nd2 Rg5 32. Nxc4 Na4 33. h4 Rb5
34. Nd6 Rb6 35. Rxa4 Rxd6 36. Rb4 Rd1+ 37. Kg2 g5 38. hxg5 fxg5 39. Rb6 1-0

[Event "London Classic Open 2018"]
[Site "London ENG"]
[Date "2018.12.11"]
[Round "3.92"]
[White "Olarasu, Iuliana"]
[Black "Chilton, James I"]
[Result "0-1"]
[WhiteElo "2058"]
[BlackElo "1738"]
[WhiteFideId "1202103"]
[BlackFideId "423009"]
[EventDate "2018.12.09"]

1. d4 Nf6 2. c4 e6 3. Nf3 b6 4. Nc3 Bb7 5. a3 Be7 6. Qc2 d5 7. e3 c5 8. cxd5
Nxd5 9. Bb5+ Nc6 10. Ne5 Rc8 11. Qa4 Nxc3 12. bxc3 Qd5 13. O-O O-O 14. Bxc6 Bxc6
15. Nxc6 Rxc6 16. Qxa7 Bd6 17. Qa4 c4 18. f3 Qh5 19. h3 b5 20. Qc2 Bg3 21. Qe4
Rfc8 22. Qg4 Qxg4 23. hxg4 e5 24. d5 Rh6 25. e4 Rh4 26. Be3 h5 27. Bg5 Rh2 28.
gxh5 Rxh5 29. Be7 f6 30. d6 Kf7 31. Rfd1 Rch8 32. Kf1 Rh2 33. Rab1 Ra8 34. Rxb5
Rxa3 35. Rbd5 Ra2 36. R5d2 Rxd2 0-1

[Event "London Classic Open 2018"]
[Site "London ENG"]
[Date "2018.12.11"]
[Round "3.93"]
[White "Islam, Mohammed"]
[Black "Skinner, Nicholas H"]
[Result "1/2-1/2"]
[WhiteElo "1725"]
[BlackElo "2028"]
[WhiteFideId "10211870"]
[BlackFideId "448060"]
[EventDate "2018.12.09"]

1. c4 e6 2. Nf3 Nf6 3. d4 d5 4. e3 c6 5. Nbd2 Nbd7 6. Bd3 Bd6 7. O-O O-O 8. Re1
e5 9. dxe5 Nxe5 10. Nxe5 Bxe5 11. Nf3 Bc7 12. b3 dxc4 13. Bxc4 Qe7 14. h3 Bf5
15. Bb2 Rad8 16. Qc1 Ba5 17. Bc3 Bxc3 18. Qxc3 Ne4 19. Qb2 b5 20. Bf1 Rfe8 21.
Rac1 Rd6 22. Nd4 Qf6 23. Qc2 Bg6 24. Bd3 a6 25. f3 Ng5 26. Bxg6 hxg6 27. Nxc6
Rde6 28. e4 Qf4 29. Qf2 Rd6 30. Red1 Ne6 31. g3 Rxd1+ 32. Rxd1 Qc7 33. Nb4 a5
34. Nd5 Qe5 35. Rc1 a4 36. bxa4 bxa4 37. Kg2 Kh7 38. Qc2 Rb8 39. Rb1 Rxb1 40.
Qxb1 a3 41. Qb3 f5 42. Qc3 Qd6 43. exf5 Qxd5 44. fxe6 Qxe6 1/2-1/2

[Event "London Classic Open 2018"]
[Site "London ENG"]
[Date "2018.12.11"]
[Round "3.94"]
[White "De Coverly, Roger D"]
[Black "Vignati, Massimo"]
[Result "1/2-1/2"]
[WhiteElo "1951"]
[BlackElo "1710"]
[WhiteFideId "405213"]
[BlackFideId "851337"]
[EventDate "2018.12.09"]

1. e4 Nf6 2. e5 Nd5 3. c4 Nb6 4. c5 Nd5 5. Nf3 d6 6. cxd6 exd6 7. d4 dxe5 8.
Nxe5 c6 9. Bd3 Nd7 10. Nxd7 Bxd7 11. O-O Be7 12. Nc3 O-O 13. Nxd5 cxd5 14. Qh5
g6 15. Qxd5 Bc6 16. Qb3 Qxd4 17. Bh6 Bd5 18. Qd1 Rfd8 19. Qe2 Bf8 20. Be3 Qf6
21. b3 Bd6 22. Rad1 Bf4 23. Bxf4 Qxf4 24. Rfe1 Qg5 25. g3 h5 26. Be4 Bxe4 27.
Qxe4 b6 28. h4 Qf6 29. Qb7 a5 30. a4 Rab8 31. Rxd8+ Rxd8 32. Kg2 Kg7 33. Re3 Rd6
34. Rf3 Qe6 35. Qc7 Qd5 36. Qc3+ Qd4 37. Qxd4+ Rxd4 38. Rc3 Rb4 39. Kf3 Kf6 40.
Re3 Kf5 41. Rd3 Ke5 42. Ke3 Re4+ 43. Kf3 Rb4 44. Ke3 Re4+ 45. Kf3 1/2-1/2

[Event "London Classic Open 2018"]
[Site "London ENG"]
[Date "2018.12.11"]
[Round "3.95"]
[White "Megias, Eva"]
[Black "Newton, Andrew"]
[Result "0-1"]
[WhiteElo "1638"]
[BlackElo "1948"]
[WhiteFideId "465062"]
[BlackFideId "2403285"]
[EventDate "2018.12.09"]

1. e4 c6 2. f4 d5 3. exd5 cxd5 4. Nf3 Nc6 5. d4 Bg4 6. h3 Bxf3 7. gxf3 g6 8. Be3
Nf6 9. Bd3 Bh6 10. Qd2 Qd6 11. Nc3 a6 12. O-O-O O-O-O 13. a3 Nh5 14. Ne2 f5 15.
Kb1 Rd7 16. Rc1 b5 17. a4 Rb7 18. Nc3 Na7 19. axb5 axb5 20. Na2 Kd7 21. Qa5 Rhb8
22. Qb4 Nc6 23. Qxd6+ Kxd6 24. Bf2 Bxf4 25. Rce1 b4 26. Nc1 Ra7 27. Nb3 Rba8 28.
Bb5 Na5 29. Nc5 Ng7 30. b3 Nc6 31. Na4 Rb8 32. Bxc6 Kxc6 33. Kb2 Rba8 34. Be3
Bd6 35. h4 Re8 36. Rc1 Rb8 37. Rhe1 f4 38. Bd2 Nf5 39. c3 Nxh4 40. cxb4+ Kd7 41.
Nc5+ Ke8 42. Ne6 Nxf3 43. Re2 Nxd2 44. Rxd2 Bxb4 45. Rc7 Rxc7 46. Nxc7+ Kd7 47.
Rc2 Rc8 48. Nxd5 Rxc2+ 49. Kxc2 Bd6 50. Kd3 g5 51. Ke4 Kc6 52. Nc3 e6 53. d5+
exd5+ 54. Nxd5 h6 55. Nf6 Kb5 56. Kf3 Kb4 57. Kg4 Kxb3 58. Ng8 Bf8 59. Nf6 Kc4
60. Nd7 Bg7 61. Nb6+ Kd4 62. Na4 Ke3 63. Nc5 f3 64. Kg3 Be5+ 65. Kh3 f2 0-1

[Event "London Classic Open 2018"]
[Site "London ENG"]
[Date "2018.12.11"]
[Round "3.96"]
[White "Tombolis, Christopher"]
[Black "Saravanan, Aadarsh"]
[Result "1/2-1/2"]
[WhiteElo "1898"]
[BlackElo "1709"]
[WhiteFideId "433691"]
[BlackFideId "440078"]
[EventDate "2018.12.09"]

1. d4 Nf6 2. c4 g6 3. Nc3 d5 4. cxd5 Nxd5 5. e4 Nxc3 6. bxc3 Bg7 7. Nf3 c5 8.
Be3 Nc6 9. Rc1 Qa5 10. Qd2 cxd4 11. cxd4 Qxd2+ 12. Kxd2 O-O 13. Bb5 Rd8 14. Bxc6
bxc6 15. Rc5 f5 16. e5 Be6 17. Rxc6 Bd5 18. Rc5 Rd7 19. a3 Rad8 20. Ke2 h6 21.
h4 Rb8 22. Rhc1 Rb2+ 23. R1c2 Rdb7 24. Bd2 e6 25. Bb4 Rxc2+ 26. Rxc2 Kf7 27. g3
Bf8 28. Bxf8 Kxf8 29. Nd2 Ke7 30. Rc8 Kf7 31. Kd3 a6 32. a4 Rb4 33. Rc7+ Kf8 34.
a5 Ra4 35. Rc5 Ke7 36. Rc7+ Kf8 37. Rc8+ Kf7 38. Rc7+ Kf8 39. Rc5 Ke7 40. f3
Ra3+ 41. Ke2 Ra4 42. Ke3 Ra3+ 43. Ke2 Ra4 44. Kd3 Ra3+ 45. Ke2 1/2-1/2

[Event "London Classic Open 2018"]
[Site "London ENG"]
[Date "2018.12.11"]
[Round "3.98"]
[White "Cowan, Richard M"]
[Black "Cotter, Len"]
[Result "0-1"]
[WhiteElo "1894"]
[BlackElo "1651"]
[WhiteFideId "419524"]
[BlackFideId "431419"]
[EventDate "2018.12.09"]

1. e4 c5 2. Nc3 a6 3. g3 b5 4. Bg2 Bb7 5. d3 Nc6 6. Nf3 g6 7. Be3 d6 8. Qd2 Bg7
9. h4 h5 10. O-O Nf6 11. Ng5 Ng4 12. Bf4 e5 13. f3 exf4 14. fxg4 fxg3 15. Qf4
Bd4+ 16. Kh1 Ne5 17. gxh5 Rxh5 18. Qxg3 Qe7 19. Bh3 f6 20. Ne6 f5 21. Nd5 Bxd5
22. exd5 Bxb2 23. Rae1 Kd7 24. Rf4 Rah8 25. Ng5 Qg7 26. Kg2 Qh6 27. d4 Bxd4 28.
Rxd4 cxd4 29. Rxe5 dxe5 30. Qxe5 Rxg5+ 31. Kf1 Re8 32. Qxd4 Rg1+ 33. Kxg1 Qe3+
34. Qxe3 Rxe3 35. Bf1 Re4 36. h5 gxh5 37. Bd3 Re5 38. c4 bxc4 39. Bxc4 a5 40.
Kf2 Kd6 41. Kg3 Rxd5 42. Bb3 Rd4 43. Bf7 h4+ 44. Kh3 Kc5 45. Be6 Rf4 46. Bd7 Kb4
47. Be6 Ka3 48. Bd5 Rf2 49. Kxh4 Rxa2 50. Be6 Rf2 51. Kg3 Rf1 52. Kg2 Rf4 53.
Kg3 Rb4 54. Bxf5 a4 0-1

[Event "London Classic Open 2018"]
[Site "London ENG"]
[Date "2018.12.11"]
[Round "3.99"]
[White "Spina, Simonpietro"]
[Black "Nergard, Ole-Kristian"]
[Result "1-0"]
[WhiteElo "1881"]
[BlackElo "1630"]
[WhiteFideId "882453"]
[BlackFideId "1543156"]
[EventDate "2018.12.09"]

1. e4 c5 2. Nf3 d6 3. d4 cxd4 4. Nxd4 Nf6 5. Nc3 g6 6. f3 Bg7 7. Be3 Nc6 8. Qd2
O-O 9. Be2 Bd7 10. O-O-O Rc8 11. Nxc6 Bxc6 12. Bh6 Bxh6 13. Qxh6 Qa5 14. g4 b5
15. Qg5 Bd7 16. Kb1 Rxc3 17. bxc3 Rc8 18. Qc1 Rxc3 19. Rd3 Rc5 20. Qa3 Qc7 21.
Qb2 a5 22. h4 b4 23. h5 g5 24. h6 e5 25. Rhd1 Rc6 26. Qc1 Ne8 27. Qxg5+ Kf8 28.
Qc1 a4 29. Re3 Be6 30. Rd5 Nf6 31. Qd2 Bxd5 32. exd5 Rc3 33. Rd3 Qc5 34. g5 Qg1+
35. Qc1 Qxg5 1-0

[Event "London Classic Open 2018"]
[Site "London ENG"]
[Date "2018.12.11"]
[Round "3.100"]
[White "Tomy, Jeff"]
[Black "Newbry, Benjamin J"]
[Result "0-1"]
[WhiteElo "1578"]
[BlackElo "1875"]
[WhiteFideId "427489"]
[BlackFideId "30924634"]
[EventDate "2018.12.09"]

1. g3 f5 2. Bg2 Nf6 3. d4 g6 4. c4 Bg7 5. Nf3 d6 6. O-O O-O 7. Nc3 c6 8. Bf4 Nh5
9. Bg5 Na6 10. Qd2 Qc7 11. Bh6 e5 12. Bxg7 Nxg7 13. d5 c5 14. Ng5 Qe7 15. e4 f4
16. Nf3 g5 17. h3 h5 18. h4 g4 19. Ng5 f3 20. Bh1 Nc7 21. a4 b6 22. Nb5 a6 23.
Nxc7 Qxc7 24. Ra3 Bd7 25. Rfa1 Rab8 26. b3 b5 27. a5 bxc4 28. bxc4 Rb4 29. Qc2
Qb7 30. R3a2 Rb8 31. Rc1 Rb2 32. Rxb2 Qxb2 33. Qd1 Ba4 34. Qe1 Qd4 35. Rb1 Rb2
36. Rxb2 Qxb2 37. Qe3 Qe2 38. Qc1 Qd1+ 39. Qxd1 Bxd1 40. Kf1 Be2+ 41. Ke1 Bxc4
42. Kd2 Kf8 43. Nh7+ Ke7 44. Ng5 Bf1 45. Kc3 Bg2 46. Nxf3 gxf3 0-1

[Event "London Classic Open 2018"]
[Site "London ENG"]
[Date "2018.12.11"]
[Round "3.101"]
[White "Vachtfeidl, Petr"]
[Black "Stoyanov, Boris"]
[Result "1-0"]
[WhiteElo "1861"]
[BlackElo "1594"]
[WhiteFideId "315028"]
[BlackFideId "456462"]
[EventDate "2018.12.09"]

1. d4 d5 2. c4 c6 3. Nf3 Nf6 4. Nc3 e6 5. Bg5 Be7 6. e3 O-O 7. Qc2 Nbd7 8. Rd1
a6 9. a3 Ne8 10. Bf4 f5 11. Bd3 Nef6 12. Ng5 h6 13. Nxe6 Qb6 14. Nxf8 Bxf8 15.
Bxf5 dxc4 16. Be6+ Kh8 17. Bxc4 Qa7 18. O-O b5 19. Ba2 Nb6 20. e4 Qd7 21. e5
Nfd5 22. Bb1 Qf5 23. Qxf5 Bxf5 24. Bxf5 Nxf4 25. Be4 Rc8 26. g3 Nh3+ 27. Kg2 Ng5
28. Bf5 Rd8 29. h4 Nh7 30. Be6 Be7 31. f4 Nf8 32. Ba2 Nd5 33. Nxd5 cxd5 34. f5
Kh7 35. Rc1 h5 36. Rc7 Rd7 37. Rfc1 a5 38. Rxd7 Nxd7 39. Rc7 1-0

[Event "London Classic Open 2018"]
[Site "London ENG"]
[Date "2018.12.11"]
[Round "3.102"]
[White "Buselli, Daniel"]
[Black "Viudes Serra, Aaron"]
[Result "0-1"]
[WhiteElo "1552"]
[BlackElo "1850"]
[WhiteFideId "515728"]
[BlackFideId "2247658"]
[EventDate "2018.12.09"]

1. e4 Nf6 2. e5 Nd5 3. d4 d6 4. Nf3 Nc6 5. Be2 g6 6. c4 Nb6 7. exd6 cxd6 8. O-O
Bg7 9. h3 O-O 10. Nc3 Re8 11. Bg5 Nd7 12. Qd2 Nf8 13. Bh6 Bh8 14. Rfe1 Qd7 15.
c5 d5 16. Nh2 Nxd4 17. Bg4 f5 18. Bd1 e6 19. Be3 Nc6 20. Nb5 d4 21. Bg5 e5 22.
Nd6 Ne6 23. Bb3 Rf8 24. Bh6 Bg7 25. Bxg7 Kxg7 26. Nf3 Nxc5 27. Nxc8 e4 28. Qd1
exf3 29. Re7+ Nxe7 30. Nxe7 Nxb3 0-1

[Event "London Classic Open 2018"]
[Site "London ENG"]
[Date "2018.12.11"]
[Round "3.103"]
[White "Kupka, Kajetan"]
[Black "Haddock, Paul"]
[Result "0-1"]
[WhiteElo "1818"]
[BlackElo "1558"]
[WhiteFideId "1134272"]
[BlackFideId "419150"]
[EventDate "2018.12.09"]

1. e4 c5 2. f4 Nc6 3. Nf3 d6 4. Bc4 e6 5. Nc3 Nf6 6. d3 Be7 7. O-O d5 8. Bb5 a6
9. exd5 exd5 10. Bxc6+ bxc6 11. Ne5 Qc7 12. Qe1 Bd7 13. Ne2 O-O 14. b3 Bd6 15.
Qg3 Rae8 16. Nxd7 Qxd7 17. Bb2 d4 18. Rae1 Re3 19. Qh4 Rfe8 20. Nxd4 Rxe1 21.
Rxe1 Rxe1+ 22. Qxe1 cxd4 23. Qf2 c5 24. h3 Qe6 25. Bc1 Nd5 26. Bd2 Nc3 27. Qe1
Qxe1+ 28. Bxe1 Nxa2 29. Bd2 Nb4 30. Bxb4 cxb4 31. Kf2 Bxf4 32. Kf3 Be3 33. Ke4
Kf8 34. Kd5 Ke7 0-1

[Event "London Classic Open 2018"]
[Site "London ENG"]
[Date "2018.12.11"]
[Round "3.104"]
[White "Wei, Naomi"]
[Black "Lie, Terje"]
[Result "1-0"]
[WhiteElo "1812"]
[BlackElo "1532"]
[WhiteFideId "425850"]
[BlackFideId "1504916"]
[EventDate "2018.12.09"]

1. d4 Nf6 2. c4 e6 3. Nc3 Bb4 4. e3 O-O 5. Bd3 c6 6. Ne2 d5 7. a3 Ba5 8. O-O
dxc4 9. Bxc4 Nd5 10. e4 Nxc3 11. bxc3 Nd7 12. Qc2 e5 13. Rd1 Qe7 14. Ng3 Bc7 15.
a4 Nb6 16. Bb3 Be6 17. d5 cxd5 18. exd5 Bc8 19. a5 Nd7 20. d6 Bxd6 21. Nf5 Qd8
22. Nxd6 Qc7 23. Be3 Nf6 24. Qa2 Bg4 25. f3 Bh5 26. Rac1 b6 27. a6 Nd7 28. Ne4
Bg6 29. Ba4 Nc5 30. Nxc5 bxc5 31. Rd5 Rfd8 32. Rxc5 Qd6 33. Bb5 h6 34. Rc6 Qe7
35. Rxg6 Rab8 36. Bc4 Kh7 37. Rc6 f6 38. Qc2+ Kh8 39. Qg6 Qd7 40. Bxh6 Rb2 41.
Rd6 Rd2 42. Rxd2 1-0

[Event "London Classic Open 2018"]
[Site "London ENG"]
[Date "2018.12.11"]
[Round "3.106"]
[White "Shivika Rohilla"]
[Black "McManus, Gordon"]
[Result "1-0"]
[WhiteElo "1780"]
[BlackElo "1463"]
[WhiteFideId "45015414"]
[BlackFideId "432857"]
[EventDate "2018.12.09"]

1. e4 c6 2. d4 d5 3. exd5 cxd5 4. Bd3 g6 5. c3 Bg7 6. Bf4 Nf6 7. Nd2 Nc6 8. Ngf3
O-O 9. O-O Bg4 10. h3 Bxf3 11. Nxf3 Qb6 12. Qd2 a6 13. Rfe1 Rfe8 14. Ne5 e6 15.
Rab1 Nxe5 16. Bxe5 Rac8 17. Bf4 Qc6 18. Bh6 Qc7 19. Bxg7 Kxg7 20. Qe3 Qd6 21.
Qe5 Qxe5 22. dxe5 Nd7 23. Rbd1 Nb6 24. f3 Rc7 25. Kf2 Rec8 26. Ke3 Nc4+ 27. Bxc4
Rxc4 28. Rd2 b5 29. Rd4 Rxd4 30. Kxd4 Rc4+ 31. Kd3 Kf8 32. b3 Rc6 33. Ra1 Ke7
34. a3 Kd7 35. Rh1 Kc7 36. h4 Kb6 37. h5 Rc7 38. hxg6 hxg6 39. Rh8 Kb7 40. Rd8
Kb6 41. Rd6+ Rc6 42. Rd7 Rc7 43. Rd6+ Rc6 44. Rd8 Rc7 45. Kd4 Kb7 46. Rd6 Ka7
47. f4 Kb7 48. g4 Ka7 49. f5 exf5 50. gxf5 gxf5 51. Rf6 Rd7 52. Rxf5 Kb7 53. Rf6
Ka7 54. Rd6 Rc7 55. Rxd5 Kb7 56. c4 bxc4 57. bxc4 Ka7 58. c5 Kb7 59. Rd6 Ka7 60.
Kd5 Kb7 61. a4 a5 62. Rb6+ Ka7 63. Kd6 Rc8 64. Rb5 1-0

[Event "London Classic Open 2018"]
[Site "London ENG"]
[Date "2018.12.11"]
[Round "3.108"]
[White "Day, Christopher"]
[Black "Ellis, Bryan Timothy"]
[Result "1-0"]
[WhiteElo "1761"]
[BlackElo "1263"]
[WhiteFideId "2625326"]
[BlackFideId "30948550"]
[EventDate "2018.12.09"]

1. d4 d5 2. c4 c6 3. Nf3 Nf6 4. e3 Bf5 5. Nc3 e6 6. Nh4 Bg6 7. Be2 Bb4 8. Nxg6
hxg6 9. Qb3 Qc7 10. Qxb4 Na6 11. Qb3 Rb8 12. h3 Qe7 13. cxd5 Nc7 14. dxc6 b6 15.
O-O O-O 16. e4 Qd8 17. Rd1 a6 18. Bf4 b5 19. a3 Qe7 20. Bf3 Nfe8 21. d5 e5 22.
Be3 Nd6 23. Ba7 Ra8 24. Bc5 Rfd8 25. a4 Rab8 26. axb5 Ncxb5 27. Nxb5 Rxb5 28.
Qa3 Ra8 29. Bxd6 Qd8 30. Bxe5 1-0